00694nam a2200193 a 4500003000200000005001700002008004100019050003000060100002200090245006300112260009100175300002800266504004100294650002500335650003700360650003500397650003100432650003700463020250204124142.0130829s19uu xx 00 eng d aPGS TS 963.3b.L477 2013  aLee, Sang Hyun A. aWater absorption of different diapers /cSang Hyun A. Lee. aLas Piñas City, Philippines :bSouthville International School and Colleges, c2013. a17 p. :bill. ;c28 cm. aIncludes bibliographical references. aDiapersvAbsorbency. aAbsorbent materialsvComparison. aSuperabsorbent polymersvUses. aWater absorptionvTesting. aDiapersvPerformance evaluation.